[Event "WA State, Challengers"]
[Site "Redmond, WA"]
[Date "2023.02.19"]
[Round "8"]
[White "Wong-Godfrey, Emerson"]
[Black "Eksarevskiy, Albert"]
[Result "0-1"]
[WhiteElo "1720"]
[BlackElo "1670"]
[Annotator "Albert Eksarevskiy"]
[PlyCount "64"]
[EventDate "2023.02.11"]
[EventType "tourn"]
[EventRounds "9"]
[EventCountry "USA"]

{Going into this game, I was trailing the leader by half a point (playing him
in the last round). This was therefore a very important game for my tournament,
and also for my opponent (who is a good friend of mine and, in my opinion, a
very formidable opponent for me).} 1. e4 c6 2. Nf3 d5 3. Nc3 Nf6 {Prior to the
game, I did some preparation for the two knights since it seemed to be
something my opponent consistently played (but rarely this line).} 4. e5 Ne4 5.
Bd3 (5. Nxe4 dxe4 6. Ng5 Qd5 7. Qe2 Bf5 8. g4 Bg6 9. Bg2 Qxe5 10. Nxe4 h5 {
I was hoping that we would enter this kind of position, where black has active
play and I would likely be more familiar with some of the key plans.}) 5... Nc5
{I briefly looked at Bd3 while preparing and just saw that Nc5 was the move -
my preparation ended here. I was expecting something like 6. Be2 ...d4 7. b4 ..
. dxc3 8. bxc5 cxd2+ 9. Bxd2 where I thought that it would be a fairly equal
game with play for both sides.} 6. Qe2 {An inaccuracy, although not so simple
to capitalize on. The thematic 6... Bg5 would have arguably been a better
alternative to what I chose in the game, since it is not so easy for white to
develop while black has a pretty clear plan to continue into the middlegame.}
Nxd3+ 7. Qxd3 e6 8. Ne2 {An interesting move to try and play c3, Qc2, and then
d4 for white to finally develop his pieces to natural squares.} c5 {Freeing up
the c6 square for my knight and gaining space in the center.} 9. c3 Nc6 10. O-O
Be7 (10... g5 $1 {would have been an interesting try instead of what I chose
in the game, and is recommended by the engine. Black's king is fairly safe,
and black has pretty clearly better development so can afford to go on a
kingside attack with the pawn storm.}) 11. a3 c4 {I opted for c4, gaining
space with tempo and creating some potential outposts on b3 and d3. This does
come at the cost of weakening the d4 square. After 12. Qe3 I intended to
castle and then play f6 in thematic Caro Kann fashion. However, after Qc2 some
interesting complications ensued.} (11... b6 {would have been a good way to
develop the LSB, and after a move like Qc2 black could continue with Ba6 with
a more comfortable position.}) 12. Qc2 Qc7 {Hitting the e5 pawn, which is not
so easy for white to hang on to.} 13. d4 Na5 $6 (13... cxd3 {Both my opponent
and I spent a lot of time evaluating this move. While it does win a pawn and
is favored by the engine, we both felt that the complications were a bit too
much for black to deal with during the game.} 14. Qxd3 Nxe5 15. Nxe5 Qxe5 16.
Bf4 Qe4 17. Qb5+ Kf8 $17 {Felt a bit sketchy to me, but is approved by the
engine.}) 14. Bg5 {A good move by my opponent which I actually overlooked. It
makes a lot of sense to try and trade off the dark squared bishop since it
strands black with the bad bishop, while white no longer has to concern
himself with the dark squared pawn complex blocking in his.} Nb3 $6 {I decided
to throw in this move first. However, I could have instead traded and gone f6
for a more comfortable position. Alternatively, the "Petrosian-esque" move
would have been to play 14... Bf8, which I briefly considered but could not
bring myself to play because I thought it might give white too much activity 
(I now realize that the bishop on g5 is not doing very much anyways).} 15. Ra2
$6 {A move which I think ended up turning the tide towards my position. Better
would have been 15. Re1 or Rd1, but my opponent likely did not like this due
to the idea of going Bd7 and a5 a4 (or Ba4) for black. My reasoning was
similarly flawed.} Bxg5 16. Nxg5 Bd7 {Eventually intending Ba4, which my
opponent thus prevented.} 17. a4 h6 18. Nf3 Qa5 {Trying to be greedy by
capturing the a4 pawn and going b5.} (18... O-O-O 19. Nf4 Kb8 $10 {Since my
queenside is quite safe and black has a comfortable amount of space, queenside
castling was another interesting move which I didn't consider enough during
the game. One tricky idea in this line would be Nh5 for white, where my g pawn
turns out to be a bit weak combined with the idea of Qh7.}) 19. Nc1 Nxc1 (19...
Bxa4 20. Nxb3 cxb3 21. Qxb3 Bxb3 22. Rxa5 b6 23. Ra3 Bc4 24. Rfa1 a5 {I
considered going for this endgame, but was a bit concerned about where I would
put my bishop later on and didn't think this was super comfortable (especially
with ideas like b4 for white).}) 20. Rxc1 b5 {Exploiting the pin.} 21. b4 $6
cxb3 22. Qxb3 bxa4 23. Qa3 Qd8 {With the intention of Qe7 to trade the queens
and maybe try to hold on to my extra pawn. Otherwise, I would be in quite an
uncomfortable position since I could not easily castle. It is important to
note that, while I do have "extra material" here, the doubled a pawns are not
so strong here with white's blockading pieces and my bad bishop is still not
doing me favors.} 24. c4 $6 {May be another step in the wrong direction, since
it potentially opens some lines for my bishop and isn't exactly doing very
much for white. A better plan which I thought might have given me some trouble
is Ne1, with the intention to reroute the knight to a square like c5.} dxc4 25.
Nd2 Qe7 26. Ne4 (26. Nxc4 Qxa3 27. Rxa3 Ke7 28. Nd6 $15 {Would actually not be
so clear since my pieces feel a bit tangled.}) 26... Qxa3 27. Rxa3 Rb8 {
Taking advantage of white's weak back rank. Now that I have Rb4 on the cards,
it makes holding onto at least one of my extra pawns much easier.} 28. Nc5 Rb4
29. Kf1 $6 {While this move makes natural sense to try and get the king away
from back rank threats and closer to the passed pawns, it actually allows me
to finally get a fairly active square for my bishop with Bb5, having some
additional threats with the lined up diagonal.} (29. Rca1 {Better, and not
even close to clear despite what the engine may say would have been this move.
This actually leads to a very interesting, study-like endgame which I
certainly was not calculating in this much depth during the game but is very
curious in post-mortem.} a5 30. Nxa4 Bxa4 31. Rxa4 c3 {Pushing the passer
since the a pawn is going to be lost anyways.} 32. Rxa5 c2 33. Rf1 {The only
move which does not instantly lose. Here, black has to be very careful with
how he continues. Rxd4 is the simplest, but is actually quite easy to mess up
with just one wrong move. Even more interesting, however, is the awesome
computer-given line:} Rb2 34. Ra7 Kd8 $3 {Is the only clearly winning move,
preventing the pesky Rc7. Of course, if Ra8+ is played, the black rook cannot
be taken in lieu of Rb1 followed by unstoppable queening.} 35. f4 Rb1 36. Ra1
Rxa1 37. Rxa1 Kd7 38. Kf2 Rc8 39. Rc1 Rc4 40. Ke3 Kc6 41. Ke4 $19 {Where the
endgame is simply winning for black.}) 29... Bb5 30. Rcc3 Rb3 {A nice tactic
enabling the exchange of at least one pair of rooks. if the rook is taken,
then cxb3+ will result in an unstoppable passer.} 31. Ke1 Rxc3 32. Rxc3 O-O {
Here, 33. Ra3 ...Rd8 would actually still make me work for the win. However,
my opponent had gotten low on time by this point and didn't want to grind out
a long, likely losing endgame so he resigned. Maybe slightly premature, but
overall this was an extremely interesting fight which I feel was very well
played by my opponent in a complex, unfamiliar position that ended up turning
to my favor.} 0-1

[Event "WA State, Rising Stars"]
[Site "Redmond, WA"]
[Date "2023.02.12"]
[Round "4"]
[White "Ramkumar, Nikhil"]
[Black "Siddem, Sid"]
[Result "0-1"]
[WhiteElo "1525"]
[BlackElo "1500"]
[Annotator "Sid Siddem"]
[PlyCount "78"]
[EventDate "2023.02.11"]
[EventType "tourn"]
[EventRounds "9"]
[EventCountry "USA"]

1. e4 {Round 4, Nikhil Ramkumar vs Sid Siddem. My opponent was 1611 USCF(Post
Event, not published) and 1356 FIDE, the top seed in the rising stars section.
I am happy I got a pretty nice upset in this game, but it was really difficult
and chaotic, even though I had an advantage in this game.} c5 2. Nc3 d6 3. f4
Nf6 {I think I should not have played Nf6, because theoretically, I am
supposed to play Nc6 first and then play g6 in the closed Sicilian.} 4. Nf3 g6
5. Bb5+ Bd7 6. Bxd7+ Qxd7 7. d3 Nc6 8. O-O Bg7 9. Be3 O-O 10. Qe1 $6 {I do not
think this was a good move because I think my opponent is making unnecessary
queen moves for no reason, so I think this move was not really that good in my
opinion.} e6 11. Qh4 b6 {I spent a while thinking why my opponent played Qh4,
and I came to the conclusion my opponent wanted to attack my kingside, or play
something like e5, trying to attack my pawn structure, and capture the loose
c5 pawn, so I played b6 to solidify my pawn chain} 12. g4 $5 {[%emt 0:00:12] I
spent a while thinking about this move and I thought that it was kind of scary
for my in this position because my opponent was planning on doing a same-side
pawn storm, and attack my king, so I decided that if my opponent was going to
attack on the kingside, I will try and seek counterplay in the center/
queenside, starting with the pawn break ..d5} d5 13. e5 $2 {My opponent rushed
this move pretty fast, and I think he missed the fact that I had Nxg4, winning
a pawn due to a Zwischenzug, since I can do Nxg4 first and then play d4} Nxg4
14. Qxg4 d4 15. Ne4 $6 {I think my opponent thought he was taking an outpost
for his knight, but it does not really help him that much, because I have dxe3,
having somewhat of a passed pawn I can use to my benefit, and I can help
support it with Ne7 to f5 ideas} dxe3 16. Qh4 Ne7 17. Ng3 {Now, I think my
opponent realized the idea of me playing Nf5, and he did not want to give up
that outpost very easily, but luckily I still had Nd5, still a good square for
my knight, and defending the e3 pawn} Nd5 18. Rae1 Nb4 19. Ne4 $4 {I was kind
of worried when my opponent played this, because of Nf6 threats, attacking my
kingside and trying to get rid of my good dark squared bishop which was
defending, but I had nothing to worry about since I could just play Nxc2,
attacking the rook and guarding the e3 pawn at the same time, but I felt
scared, so I played Qd8, which was a blunder, because I thought I needed to
defend.} Qd8 $4 {Like I said for the last move, I could have simply played
Nxc2, and playing Qd8 was not really necessary.} 20. Nf6+ Bxf6 21. exf6 h5 $4 {
I still had Nxc2 in this position, but I was afraid of my opponent playing Qh6,
Ng5 and such, but they do not work since if my opponent moves the queen off of
the h4-d8 diagonal, the f6 pawn is hanging, and knight threats don't work
since I have Qg7 to defend, and in the game I thought this was the one good
defensive move.} 22. Rxe3 Nxc2 23. Re5 Qxd3 24. Qg5 $4 {I think my opponent
missed Ne3 in this position, and playing Qg5 was not a good move because if he
actually was trying to threaten Qh6, I think I can just play Qf5} Kh7 $4 {
I was afraid in this position and did not calculate thoroughly that I could
just use the knight to defend, but I thought I had to play Kh7 to defend, but
I just waste a tempo and move my king for no reason.} 25. Qh4 $4 {I think this
was an unnecessary queen move, because maybe if my opponent was threatening
Ng5+, there is no point, and now I can take advantage of my really good knight
and play Ne3 or so.} Ne3 26. Re1 Ng4 $4 {I had the right idea in this position,
but I should have played Nf5 not Ng4 because I thought the rook sacrifice on
h5 does not work since I can defend with Qg6, but my opponent was not really
necessarily required to trade queens, so I lost my advantage here.} 27. Rxh5+
gxh5 28. Qxh5+ Nh6 $4 {I should have played Kg8 instead because I was kind of
afraid of giving my knight away easily, but I still lose it anyway, and I
thought after Ng5, Kg8, Qxh6, I have Qg6, and we trade queens, it does not
work that easily, because my opponent would not want to exchange off that
easily with an attack like this, so now my opponent has a pretty good
advantage.} 29. Ng5+ Kg8 30. Qxh6 Qg6 31. Qxg6+ $4 {I think in the game, my
opponent thought this was a lost position because he was down the exchange,
but he should have played Qh4, not trading off queens that easily, and now
after he traded, the computer thinks this is an even position, but I think I
have a slight advantage since I am up the exchange, and I have fighting
chances.} fxg6 32. Rxe6 Rad8 33. Re7 $4 {The position was equal until this
move, according to the computer because my opponent is giving up his f6 pawn
very easily, which is bad because it is key for restricting my king in the
back, and now I am winning since after Rxf6, Rxa7, I have Rd1+, Rd2+, and I
win the queenside pawns.} Rxf6 34. Ne6 Rd1+ 35. Kg2 Re1 {I wanted to try and
eliminate the knight or the rook and simplify the position first before I
capture my opponent's queenside pawns, so I put pressure on the pinned knight.}
36. Re8+ Kf7 37. Rf8+ {I was considering in this position immediately taking
the knight on e6, but luckily I realized it was a bad move because of Re8,
skewering the king and rook, equalizing the position, so I decided to try and
force a rook trade and simplify the position.} Ke7 38. Rxf6 Kxf6 39. Nc7 Re2+ {
0-1, my opponent resigned, because he is down the exchange and I win the
queenside pawns. This game was very complex and chaotic, and had winning
chances for both sides. I was down like an hour in time, because I put in a
lot of time in the beginning, but the extra hour of calculation paid off in
this game.} 0-1

[Event "Collyer Memorial"]
[Site "Spokane, WA"]
[Date "2023.03.19"]
[Round "5"]
[White "Ackerman, Ryan"]
[Black "Patterson, Ben"]
[Result "1-0"]
[WhiteElo "1979"]
[BlackElo "1701"]
[Annotator "Ryan Ackerman"]
[PlyCount "77"]
[EventDate "2023.02.25"]
[EventType "swiss"]
[EventRounds "5"]
[EventCountry "USA"]

{Few players beat experts within their first five tournaments. But Ben had
beaten me twice already and took down another expert in a previous round. He
shows a great deal of natural talent for the game and is clearly hitting the
ground running. But I wasn't about to let him beat me a third time.} 1. d4 d5
2. c4 c6 3. Nf3 Nf6 4. Nc3 Bg4 $6 {It's improper to move the c8 bishop so
early. Similarly, Bf5 is also dubious.} (4... Bf5 $6 5. Qb3 Qb6 6. c5 $1 Qxb3
7. axb3 Nbd7 8. b4 e6 9. b5 Be7 10. e3 $16) 5. Ne5 Bf5 $2 (5... Bc8 $1 6. cxd5
$16) (5... Bh5 $2 6. cxd5 Nxd5 7. g4 $1 Bg6 8. h4 $1 $18) 6. Qb3 $2 {Due to
the seemingly insignificant prevelance of the knight on e5, 6.Qb3 and my
following move now result in only equality. Yup. This whole plan is a total
dud. If the remainder of the game were dry and boring I would expand upon this
claim but there's no shortage of interesting moments in this game.} (6. cxd5 $1
cxd5 ({if:} 6... Nxd5 $5 7. e4 $1 Nxc3 8. bxc3 $18) 7. e4 $1 ({Not all that
looks complicated is truly more complicated. Resisting the pretty pawn sac in
favor of a more conservative plan leads to a much less convincing outcome.} 7.
Qb3 $5 Nc6 $1 8. Qxb7 $5 Nxe5 9. dxe5 Rb8 10. Qxa7 d4 11. Qa4+ Qd7 12. exf6
dxc3 13. Qxd7+ Bxd7 14. bxc3 $1 $16) 7... dxe4 8. Qb3 e6 9. Qxb7 Nbd7 10. Nc6
$1 Qc8 11. Ba6 $1 $18) 6... Qb6 7. c5 $2 (7. Qxb6 $1 $16) 7... Qxb3 8. axb3 $10
Bc2 $2 (8... Nbd7 9. Nxd7 $6 Nxd7 10. Bf4 $4 e5 $19) 9. b4 $16 Nbd7 10. Bf4
Nxe5 11. Bxe5 Nd7 12. Bg3 $5 e5 13. e3 $1 (13. dxe5 $2 d4 14. Na4 $2 b5 15. Nb6
$2 Nxb6 16. cxb6 $2 Bxb4#) 13... f6 $2 (13... g5 $1 {Are you feeling dizzy yet?
} 14. h4 $1 $16 exd4 $1 15. exd4 gxh4 16. Rxh4 Be7 17. Kd2 Bxh4 18. Bxh4 Bf5
19. b5 Rg8 20. f3 $16 {How about now? Not yet? Wow. I'm impressed.}) 14. Be2
$18 h5 15. h4 g6 16. O-O Bg7 17. Rfc1 Bf5 18. b5 $18 exd4 19. exd4 Bh6 {
At this point Ben and I both had exactly 42 minutes remaining. 2.5 hours had
passed since the beginning of the game. I now spent 9 minutes assessing the
merit of inviting the bishops to c2 and d2. My intuition served me but my
calculation did not.} 20. Rd1 Bc2 21. Re1 Bd2 $2 {this move allows for a
simple tactic, but positionally black is lost nonetheless. The trick for white
is to understand the power of Ba6. It's such a strong move that moving it to
f3 (which I played later) is an outright blunder. I'll demonstrate:} (21... O-O
22. bxc6 $1 bxc6 23. Ba6 $1 $18 {the c pawn is indefensible. The previously
innocuous-looking g3 bishop fiendishly grins at black's rooks who would love
nothing more then to save the c pawn and drum up counterplay against white's b
pawn. The g3 bishop is a monster. Think of the scholastic-like tactic with a
King on c8, rook on d8, and how white can sac their queen on a6 to score
checkmate. That's what happening. But instead of a King on c8, it's the pawn
on c6. I wish I had thought of it that way during the game.}) 22. Rf1 $2 {
[%eval 470,34]} (22. Bd3+ {I missed a three move tactic. With over 30 minutes
on my clock.} Bxe1 23. Rxe1+ Kf7 24. Bxc2) 22... O-O 23. Ra3 $2 $16 {Instead
of the Ba6 idea, I chose the plan of doubling along the a-file. I chose
incorrectly.} (23. bxc6 $1 bxc6 24. Ba6 $1 $18) 23... Rfe8 24. Bf3 $4 {This
blunder was not my fault. The bishop is an avid bowler and wanted to be lined
up against four targets at once. He was very persuasive about it.} Bxc3 25.
bxc6 bxc6 26. bxc3 {I spend 14 of my remaining 28 minutes on this move and
conconducted a poker bluff strategy.} Bd3 27. Rc1 {This was a semi-bluff. I
didn't know if I could actually pull off c4 and Rxc4 but I figured if I looked
confident as I played this move, he'd buy it. I am the Spokane City Champion
afterall.} Bc4 $2 {It worked! Now Rb1 becomes available!!} (27... Bb5 $1 28.
Bd6 (28. c4 $6 dxc4 (28... Bxc4 $4 {It was not a total bluff. In truth it was
possible to sac the exchange in this scenario.} 29. Rxc4 $1 dxc4 30. Bxc6 $18)
29. d5 Ne5 30. dxc6 Nxf3+ $2 31. Rxf3 Rac8 32. c7 $16) 28... a6 $1 29. Raa1 $14
) 28. Rb1 $1 $18 a6 29. Rb7 $1 Nf8 30. Ra4 $5 Bb5 31. Rb4 $5 {It was better to
leave the rook exerting pressure down the a file.} (31. Ra1 $1 {[%eval 142,34]}
Rad8 32. Kh2 Rd7 33. Rb6 $1 Ne6 34. Bd1 $1 Kg7 35. Ba4 Rc8 $7 36. Bxb5 axb5 37.
Raa6 Nd8 38. Bf4 $16 Ne6 39. Kg3 Kf7 40. Kf3 g5 41. hxg5 fxg5 42. Be5 Nd8 43.
Ke3 Re7 44. Kd3 $16) 31... Re1+ $2 {It's a very challenging situation for
black. But there was a very interesting method of holding the fort via
pestering the b7 rook, repositioning the knight, sac'ing a pawn and activating
both rooks. It's pretty amazing:} (31... Ne6 $1 32. Bd6 (32. R4xb5 $4 axb5 $19)
32... Nd8 $1 33. Rc7 Ne6 34. Rd7 Ng7 $1 35. Be7 Nf5 $1 36. Bxf6 Re1+ 37. Kh2
Rf8 38. Bg5 Rf7 $1 39. Rd8+ Rf8 40. Rxf8+ $14) 32. Kh2 a5 $2 {Ben told me
after the game he was 'seeing double' around this point. He had 12 minutes and
I had 5. Our game was the last still in progress. Several spectators had
gathered.} (32... Rc8 33. Bd6 $1 Rce8 34. R4xb5 $1 axb5 35. Rc7 $1 Ne6 36. Rxc6
b4 37. cxb4 Nxd4 38. Bxd5+ Kh8 39. Rb6 $1 $18) 33. R4xb5 $1 ({White cannot win
with making a sacrifice:} 33. Rb2 $4 Bc4 34. Rb8 $14) (33. Bxd5+ $5 cxd5 34.
R4xb5 $18) 33... a4 $5 (33... cxb5 {[%eval 885,33]} 34. Bxd5+ Kh8 35. Rxb5 Rc8
(35... Ra7 36. c6 $18) 36. Rxa5 g5 37. f3 Ree8 38. Bb7 gxh4 39. Bxh4 Kg7 40.
Bxc8 Rxc8 41. d5 Kg6 42. c6 Ne6 43. c4 Nf4 44. Bg3 Ne6 45. Bd6 Ng5 46. Bf4 Ne6
47. Be3 Nd8 48. Rc5 Kf5 49. c7) 34. Rb1 Rxb1 35. Rxb1 a3 36. c4 {I now had 3
minutes, and Ben had 11. After I played c4, he thought for 5 minutes before
proceeding.} a2 37. Ra1 Ne6 38. cxd5 Nxd4 39. dxc6 1-0